000 00674nam a2200205Ia 4500
999 _c5311
_d5311
003 OSt
005 20210729160021.0
008 160316s1966 xxu||||| |||| 00| 0 eng d
040 _cNLS
082 _a370
_bREP
100 _a
245 _aReport of the education commission 1964-1966 : Educational and national development
260 _aNew Delhi
_bGovt. of India, Ministry of Education
_c1966
300 _a634p
365 _bRs.60/50
650 _a1.Education - Commission Report 1964-1966
700 _a
_a
856 _uhttp://dise.in/Downloads/KothariCommissionVol.2pp.289.pdf
_uhttp://www.academics-india.com/Kothari%20Commission%20Report.pdf
942 _2ddc
_cBK